| 000 | 00446nam a22001697a 4500 | ||
|---|---|---|---|
| 020 | _a9789393969200 | ||
| 082 |
_aM100 9 _bSHO/C |
||
| 100 | _aShooba K S | ||
| 245 |
_aChoolum chumbanavum: _butharadhunika kavitha/ _cby Shooba K S |
||
| 250 | _a4th. | ||
| 260 |
_aKozhikode: _bPavanatma Publishers, _c2024. |
||
| 300 | _a143p. | ||
| 650 | _aPoetry Malayalam Criticism | ||
| 650 | _aLiterature Malayalam | ||
| 650 | _aLiterature | ||
| 942 | _cBK | ||
| 999 |
_c181944 _d181944 |
||